[Event "EU-ch Hybrid U12 Girls"]
[Site "Tornelo INT"]
[Date "2021.10.15"]
[Round "3"]
[White "Bizheva, Stefani"]
[Black "Blauhut, Anna"]
[Result "1-0"]
[WhiteElo "1274"]
[BlackElo "1189"]
[PlyCount "71"]
[EventDate "2021.10.15"]
[EventType "swiss"]
[EventRounds "9"]
[EventCountry "NET"]
[SourceTitle "EXT 2023"]
[Source "ChessBase"]
[SourceDate "2022.10.05"]
[SourceVersion "1"]
[SourceVersionDate "2022.10.05"]
[SourceQuality "1"]
[WhiteTeam "Bulgaria"]
[BlackTeam "Norway"]
[WhiteTeamCountry "BUL"]
[BlackTeamCountry "NOR"]

1. e4 e5 2. Nf3 Nc6 3. Nc3 Nf6 4. Bb5 d6 5. d4 exd4 6. Nxd4 Bd7 7. 0-0 Ne5 8. f4 Ng6 9. Bc4 Be7 10. Qe1 0-0 11. Rf3 a6 12. Qg3 Nh5 13. Qf2 Nf6 14. Bd2 Ng4 15. Qe2 Nf6 16. h3 Re8 17. e5 dxe5 18. fxe5 Bc5 19. Be3 Nxe5 20. Rg3 Bxd4 21. Bxd4 Ng6 22. Qf2 Be6 23. Bd3 Nd5 24. Ne4 Ndf4 25. Nc5 Nxd3 26. Rxd3 Qh4 27. Nxb7 Qxf2+ 28. Kxf2 Bd5 29. Nc5 c6 30. Ra3 Bc4 31. b3 Re2+ 32. Kf3 Nh4+ 33. Kg4 Nxg2 34. bxc4 Rxc2 35. Rc3 Ne3+ 36. Rxe3 1-0

[Event "EU-ch Hybrid U12 Girls"]
[Site "Tornelo INT"]
[Date "2021.10.15"]
[Round "2"]
[White "Kuzmina, Varvara"]
[Black "Blauhut, Anna"]
[Result "1-0"]
[WhiteElo "1465"]
[BlackElo "1189"]
[PlyCount "87"]
[EventDate "2021.10.15"]
[EventType "swiss"]
[EventRounds "9"]
[EventCountry "NET"]
[SourceTitle "EXT 2023"]
[Source "ChessBase"]
[SourceDate "2022.10.05"]
[SourceVersion "1"]
[SourceVersionDate "2022.10.05"]
[SourceQuality "1"]
[WhiteTeam "Russia"]
[BlackTeam "Norway"]
[WhiteTeamCountry "RUS"]
[BlackTeamCountry "NOR"]

1. d4 d5 2. Nf3 Nf6 3. g3 e6 4. Bg2 Be7 5. c4 c6 6. 0-0 0-0 7. Nc3 Nbd7 8. b3 a5 9. a3 h6 10. Bb2 c5 11. cxd5 Nxd5 12. Nxd5 exd5 13. Rc1 Re8 14. dxc5 Nxc5 15. Ne5 Be6 16. f4 Ne4 17. f5 Bc8 18. Bxe4 dxe4 19. g4 Bf6 20. Qxd8 Rxd8 21. Rfd1 b6 22. Rxd8+ Bxd8 23. Rd1 Bf6 24. Rd2 Bxe5 25. Rd8+ Kh7 26. Bxe5 Bb7 27. Rd7 Ba6 28. Rxf7 Rg8 29. Kf2 Bb5 30. Rb7 Be8 31. f6 Kg6 32. Rxg7+ Rxg7 33. fxg7 Bf7 34. b4 axb4 35. axb4 b5 36. Ke3 Kg5 37. h3 h5 38. gxh5 Kxh5 39. Kxe4 Kg6 40. h4 Kh5 41. Bf6 Kg6 42. Ke5 Bc4 43. e4 Kf7 44. h5 1-0

[Event "EU-ch Online U12 Girls"]
[Site "Tornelo INT"]
[Date "2020.09.20"]
[Round "9"]
[White "Blauhut, Anna"]
[Black "Stankovic, Andrea"]
[Result "1-0"]
[WhiteElo "1089"]
[BlackElo "1534"]
[PlyCount "133"]
[EventDate "2020.09.18"]
[EventType "swiss (rapid)"]
[EventRounds "9"]
[EventCountry "NET"]
[SourceTitle "EXT 2023"]
[Source "ChessBase"]
[SourceDate "2022.10.05"]
[SourceVersion "1"]
[SourceVersionDate "2022.10.05"]
[SourceQuality "1"]
[WhiteTeam "Norway"]
[BlackTeam "Serbia"]
[WhiteTeamCountry "NOR"]
[BlackTeamCountry "SRB"]

1. e4 e6 2. d4 d5 3. exd5 exd5 4. Bd3 c5 5. c3 Nf6 6. Nf3 Bd6 7. h3 0-0 8. 0-0 h6 9. Re1 Nc6 10. Be3 Ne4 11. dxc5 Nxc5 12. Bc2 Re8 13. Nbd2 Be6 14. Nb3 Nxb3 15. Bxb3 Qd7 16. Nd4 Nxd4 17. Qxd4 Bc7 18. Rad1 Red8 19. Qd3 Bf5 20. Qxd5 b6 21. Qxd7 Bxd7 22. Bd4 Bd6 23. Bxb6 axb6 24. Rxd6 Rab8 25. Red1 Rb7 26. Bc4 Kf8 27. Bb5 Ke7 28. Bxd7 Rdxd7 29. Rxd7+ Rxd7 30. Rxd7+ Kxd7 31. f4 Kd6 32. Kf2 Kd5 33. Ke3 f6 34. g4 g6 35. b3 g5 36. f5 Ke5 37. a4 Kd5 38. b4 Kc4 39. a5 bxa5 40. bxa5 Kb5 41. Kd4 Kxa5 42. Kd5 Kb5 43. Ke6 Kc6 44. Kxf6 Kd6 45. Kg6 Ke7 46. c4 Kd6 47. Kxh6 Kc5 48. Kxg5 Kxc4 49. f6 Kd5 50. Kg6 Ke6 51. h4 Kd7 52. f7 Ke7 53. Kg7 Ke6 54. f8Q Kd5 55. Qf4 Kc5 56. Qe4 Kd6 57. Kf6 Kc5 58. Qd3 Kc6 59. Ke6 Kc7 60. Qd5 Kb6 61. Qc4 Kb7 62. Kd7 Kb6 63. Kd6 Kb7 64. Qc6+ Ka7 65. Qb5 Ka8 66. Kc7 Ka7 67. Qb7# 1-0

[Event "NOR-chT Club"]
[Site "Drammen"]
[Date "2019.05.30"]
[Round "1.20"]
[White "Grave, Jacob Templen"]
[Black "Blauhut, Anna"]
[Result "1-0"]
[WhiteElo "1747"]
[BlackElo "1156"]
[PlyCount "53"]
[EventDate "2019.05.30"]
[EventType "team-swiss"]
[EventRounds "6"]
[EventCountry "NOR"]
[SourceTitle "CBM 190 Extra"]
[Source "ChessBase"]
[SourceDate "2019.07.15"]
[SourceVersion "1"]
[SourceVersionDate "2019.07.15"]
[SourceQuality "1"]
[WhiteTeam "Tonsberg"]
[BlackTeam "Fredriksstad III"]
[WhiteTeamCountry "NOR"]
[BlackTeamCountry "NOR"]

1. d4 d5 2. c4 e6 3. Nc3 c6 4. e3 Nf6 5. Nf3 Be7 6. b3 Nbd7 7. Bd3 Nf8 8. Qc2 Ng6 9. Bb2 Bd7 10. 0-0 0-0 11. Ne5 c5 12. Nxg6 fxg6 13. dxc5 Bxc5 14. cxd5 exd5 15. Nxd5 Nxd5 16. Qxc5 Bf5 17. e4 Nf4 18. Qe5 Qf6 19. Qxf4 Qxb2 20. exf5 gxf5 21. Bxf5 g6 22. Be6+ Kg7 23. Qc7+ Kf6 24. Bc4 b6 25. Rae1 Rae8 26. Rxe8 Rxe8 27. Qf7+ 1-0